Datum a čas kvízu
28
Celkem bodů
Celkový počet nahraných bodů na tomto kvízu bez doplňovacích otázek.
4.
Pořadí na kvízu
Konečné umístění týmu na tomto kvízu.
Zaznamenané odpovědi
| # | Otázka | Odpověď | Body | Výsledky |
|---|---|---|---|---|
| 1. | Od pátku 1. dubna se v Hradci... | Fortna | 1 | |
| 2. | Ve které evropské zemi začaly... | v Maďarsku | 1 | |
| 3. | Na tradičním slavnostním cerem... | V rytmu srdce, Chris Rock | 1 | |
| 4. | Česká národní banka vydala min... | Karel Engliš | 0 | |
| 5. | Jak se jmenuje nová světová je... | Iga Świąteková | 1 | |
| 6. | Operace Iceberg (česky Ledovec... | na ostrově Okinawa | 0 | |
| 7. | Desková hra Krycí jména vydaná... | Mindok | 1 | |
| 8. | Od 29. prosince 1941 do 18. če... | Jan Kubiš a Jozef Gabčík | 1 | |
| 9. | Vzpomenete si na název životop... | Krycí jméno Donnie Brasco (originální název Donnie Brasco) | 1 | |
| 10. | Richard Bachman je pseudonym z... | Stephen King | 1 |